Fragen aus der Wissenschaft - Buchstabe C - Statistiken

Allgemein
  • Dieses Quiz wurde 153 mal gespielt
  • Das Durchschnittsergebnis liegt bei 11 aus 20
Antwortstatistiken
Hinweis Antwort % Korrekt
Infektionskrankheit, Ausbruch 2019 COVID-19
95%
Reptil, kann seine Farbe zur Tarnung wechseln Chamäleon
94%
Medikamentöse Behandlung von Krebserkrankungen Chemotherapie
92%
Chemisches Element, Trinkwasseraufbereitung Chlor
87%
Polnische Nobelpreisträgerin in Chemie und Physik Marie Curie
87%
Wissenschaft von der Umwandlung von Stoffen Chemie
86%
Fettartiger Körperstoff, Risikofaktor für Herzinfarkt Cholesterin
69%
Rechenmaschine, Konrad Zuse Computer
69%
Tödliche Infektionskrankheit, verunreinigtes Wasser Cholera
68%
Lateinischer Begriff für Hanf Cannabis
65%
Physikalische Forschungseinrichtung bei Genf (Abk.) CERN
65%
Träger der Erbanlagen Chromosom
64%
Chronische Lungenkrankheit (Abkürzung) COPD
40%
Römischer Politiker, Redner und Philosoph Marcus Tullius Cicero
40%
Einheit der elektrischen Ladung Q Coulomb
33%
Alkalimetall mit Ordnungszahl 55, "himmelblau" Caesium
20%
Mischwesen aus genetisch unterschiedlichen Zellen Chimäre
20%
Kraft im rotierenden System, z. B. Drehung v. Hurricans Corioliskraft
19%
Britischer Molekularbiologe, Struktur der DNA Francis Crick
12%
Schwedischer Astronom, Mathematiker und Physiker Anders Celsius
8%
Keine übereinstimmenden Quizze gefunden
Verteilung der Resultate
Anzahl Personen mit jedem Resultat
Perzentil nach korrekt beantworteten Fragen
Ihre Resultats-Entwicklung
Sie haben dieses Quiz noch nicht gespielt